1893 1523 1146 1739 1960 1523 1024 1095 1803 1948 1319 1930 1901 1334 1071 1471 1749 1644 1163 1804 1096 1980 1031 1464 1796 1973 1008 1361 1181 1643 1495 1217 1107 1139 1244 1393 1270 1461 1447 1136 1336 1359 1009 1253 1414 1444 1010 1152 1523 1388 1235 1107 1152 1808 1492 1844 1051 1172 1923 1252 1323 1245 1358 1452 1691 1647 1621 1432 1322 1374 1183 1643 1420 1296 1242 1680 1244 1900 1324 1483 1192 1941 1885 1586 1612 1020 1178 1028 1479 1942 1873 1286 1546 1719 1538 1884 1332 1543 1196 BCNSPRNW ULIB Ver.6.0+V

เปลี่ยนเป็นภาษาไทย

Change to English
 แสดงรายละเอียดบรรณานุกรม
  กลับหน้าหลัก

Brief Record : Get Marc (ISO 2709) : E-mail record : QR code < ปิดหน้าต่าง
LEADER : 00000nam 2200000uu 4500
001    13399114017
003     ULIB
008    120110s||||||||th 000 0 tha d
099    วจ.W21.5^bศ736ศ
100 0  ศุภาพิชญ์(มณีสาคร) โฟนโบร์แมนน์
245 00 สถานการณ์กำลังคนด้านสุขภาพจิต และ จิตเวช นอกสังกัดกรมสุขภาพจิต กระทรวงสาธารณสุข พ.ศ.2552/^cศุภาพิชญ์(มณีสาคร) โฟนโบร์แมนน์ ,วรรณวิไล ภู่ตระกูลและ นิรนาท วิทยโชคกิติคุณ
260    นนทบุรี :^bสถาบันพระบรมราชชนก,^c2553
300    52 หน้า :^bตาราง
500    รายงานการวิจัย
650  7 บุคลากรด้านสุขภาพจิต^xวิจัย
700 02 วรรณวิไล ภู่ตระกูล
700 02 นิรนาท วิทยโชคกิติคุณ
710    สถาบันพระบรมราชชนก
945    ^p0^l0^i030981
945    ^p0^l0^i030982
995    ทศพร
999 ^a ทศพร
รายการนี้ยังไม่มีแท็ก
คุณยังไม่ได้ล็อกอิน คุณสามารถมีกิจกรรมร่วมกับเว็บไซต์ได้ แต่ต้องล็อกอินก่อน ::
  ล็อกอิน

รายการสื่อสารสนเทศ

ลำดับที่ ประเภท เลขเรียก/บาร์โค้ด สถานที่ สถานะ
1. งานวิจัย
งานวิจัย
วจ.W21.5 ศ736ศ ฉ.1 
  Barcode: 030981
ห้องสมุดวิทยาเขตสวรรค์ประชารักษ์
►วิจัย
บนชั้น
2. งานวิจัย
งานวิจัย
วจ.W21.5 ศ736ศ ฉ.2 
  Barcode: 030982
ห้องสมุดวิทยาเขตสวรรค์ประชารักษ์
►วิจัย
บนชั้น

BibComment


ยังไม่เคยถูกคอมเมนท์

คอมเมนท์ทรัพยากรรายการนี้
  คอมเมนท์: สถานการณ์กำลังคนด..


 Copyright 2026. Bcnsprnw @Library